Ordenación, expropiación, venta forzosa , régimen fiscal y arrendamiento de los solares / (Record no. 110224)

MARC details
000 -LEADER
campo de control de longitud fija 00644nam a2200181 4500
001 - NÚMERO DE CONTROL
campo de control 110224
003 - IDENTIFICADOR DE NÚMERO DE CONTROL
campo de control ES-MaACL
007 - CAMPO FIJO DE DESCRIPCIÓN FÍSICA--INFORMACIÓN GENERAL
campo de control de longitud fija t|
008 - DATOS DE LONGITUD FIJA--INFORMACIÓN GENERAL
campo de control de longitud fija 061121s1954 sp r ||||1| spa d
245 00 - MENCIÓN DEL TÍTULO
Título Ordenación, expropiación, venta forzosa , régimen fiscal y arrendamiento de los solares /
Mención de responsabilidad, etc. por Elías Barros Martínez.
260 ## - PUBLICACIÓN, DISTRIBUCIÓN, ETC.
Lugar de publicación, distribución, etc. Madrid :
Nombre del editor, distribuidor, etc. Boletín Jurídico-Administrativo,
Fecha de publicación, distribución, etc. 1954.
300 ## - DESCRIPCIÓN FÍSICA
Extensión 238 p. ;
Dimensiones 17 cm.
490 1# - MENCIÓN DE SERIE
Mención de serie Alcubilla biblioteca de derecho positivo
700 1# - ENTRADA AGREGADA--NOMBRE PERSONAL
Nombre de persona Barros Martínez, Elías.
9 (RLIN) 26059
830 0# - PUNTO DE ACCESO ADICIONAL DE SERIE-TÍTULO UNIFORME
Título uniforme Alcubilla biblioteca de derecho positivo
9 (RLIN) 233012
852 ## - LOCALIZACIÓN
Ubicación ES-MaACL
Número de control de estantería E-3779
Holdings
Estatus retirado Estado de pérdida Estado de daño No para préstamo Biblioteca de origen Biblioteca actual Ubicación en estantería Fecha de adquisición Fuente de adquisición Total de préstamos Signatura topográfica completa Código de barras Visto por última vez Precio de reemplazo Tipo de ítem Koha
        Biblioteca del Ateneo de Madrid Biblioteca del Ateneo de Madrid Depósito 2 17/01/2008     E-3779 1114996 23/02/2023 23/02/2023 Libro impreso